Las invasiones inglesas al río de la plata, 1806-1807, tomo 2 : la reconquista de buenos aires /

Guardado en:
Autor Principal: Beverina, Juan Bartolomé
Otros Autores: Palombo, Guillermo, estud.
Formato: Libro
Publicado: Buenos Aires : +letras comunicaciones, 2015
Materias:
Etiquetas: Agregar Etiqueta
Sin Etiquetas, Sea el primero en etiquetar este registro!
LEADER 00731nam a22001935a 4500
001 EHU.bham045174
003 AR-BHAM
005 20180510110634.0
008 130507s2015##################000#0#####d
020 |a 9789874560322 
082 9 8 |a 982.021 
100 1 |a Beverina, Juan Bartolomé 
245 1 0 |a Las invasiones inglesas al río de la plata, 1806-1807, tomo 2 :  |b la reconquista de buenos aires /  |c  Juan Bartolomé Beverina, Estudio De Guillermo Palombo 
260 |a Buenos Aires :  |b +letras comunicaciones,  |c 2015 
300 |a 339 p. 
653 |a Invasiones inglesas 
653 |a Historia argentina-invasiones inglesas 
700 1 |a Palombo, Guillermo, estud. 
859 |a AR-BHAM  |b BIB. HUMANIDADES - General  |h 982.021  |i B467  |p 97.18  |t Ej.1  |v II  |3 II